000 00259pab a2200109 454500
008 180718b xxu||||| |||| 00| 0 eng d
100 _aThiruchelvam, Neelam
245 _aDevelopment & human rights
650 _aCivil Liberties
773 _aHindu
909 _a24027
999 _c24027
_d24027